Inglês - Statistics

Estatísticas Gerais
  • Esse quiz foi jogado 707 vezes
  • A pontuação média é 12 de 15
Estatísticas das Respostas
Hint Resposta % Correto
Homem Men
98%
Táxi Taxi
97%
Dança Dance
96%
Mulher Woman
96%
Mão Hand
91%
Ver See
90%
Cara Face
89%
Saltar Jump
84%
Jardim Garden
80%
Avião Plane
80%
Montanha Mountain
74%
Dente Tooth
66%
Presunto Ham
49%
Desporto Sport
49%
Refeição Meal
44%
Nenhum quiz correspondente encontrado
Distribuição das Pontuações
Porcentagem de Pessoas com Cada Pontuação
Percentil de Números Respondidos
Sua Pontuação Histórica
Você não jogou esse quiz